[Event "Bayern-ch"]
[Site "Bad Griesbach"]
[Date "2016.08.22"]
[Round "2"]
[White "Reich, Thomas"]
[Black "Wilfert, Andre"]
[Result "1-0"]
[WhiteElo "2365"]
[BlackElo "2031"]
[PlyCount "87"]
[EventDate "2016.08.21"]
[EventType "swiss"]
[EventRounds "9"]
[EventCountry "GER"]
[SourceTitle "EXT 2022"]
[Source "ChessBase"]
[SourceDate "2021.10.06"]
[SourceVersion "1"]
[SourceVersionDate "2021.10.06"]
[SourceQuality "1"]

1. d4 d5 2. Bf4 Nf6 3. e3 g6 4. c4 c6 5. Nc3 Bg7 6. h3 0-0 7. Nf3 Nbd7 8. cxd5 Nxd5 9. Nxd5 cxd5 10. Be2 Qb6 11. Qb3 Qxb3 12. axb3 Re8 13. Bb5 f6 14. 0-0 e5 15. dxe5 fxe5 16. Bg3 Re6 17. Rfc1 Nb6 18. Rc7 a6 19. Ng5 Rd6 20. Be2 Rc6 21. Rc1 Bd7 22. R1xc6 Bxc6 23. Bg4 Re8 24. Be6+ Rxe6 25. Nxe6 Bf6 26. Nc5 Bd8 27. Rxc6 bxc6 28. Bxe5 Kf7 29. Nxa6 Ke6 30. Bd4 Nd7 31. Nc5+ Nxc5 32. Bxc5 Bf6 33. Bd4 Be7 34. Kf1 Kd6 35. b4 Kc7 36. Bc5 Bf6 37. b3 Kb7 38. Ke2 Ka6 39. Kd3 Kb5 40. f4 h5 41. g4 hxg4 42. hxg4 Ka6 43. e4 dxe4+ 44. Kxe4 1-0

[Event "Regionalliga NW 1516"]
[Site "Bayern"]
[Date "2016.04.10"]
[Round "9.3"]
[White "Wilfert, Andre"]
[Black "Helm, Timo"]
[Result "1-0"]
[WhiteElo "1988"]
[BlackElo "1978"]
[PlyCount "41"]
[EventDate "2015.10.11"]
[EventType "team-tourn"]
[EventRounds "9"]
[EventCountry "GER"]
[SourceTitle "EXT 2018"]
[Source "ChessBase"]
[SourceDate "2017.10.13"]
[SourceVersion "1"]
[SourceVersionDate "2017.10.13"]
[SourceQuality "1"]
[WhiteTeam "Marktleuthen"]
[BlackTeam "Bad Koenigshofen"]
[WhiteTeamCountry "GER"]
[BlackTeamCountry "GER"]

1. Nf3 e6 2. d4 b6 3. e4 Bb7 4. Bd3 c5 5. c3 d5 6. e5 Nc6 7. 0-0 Rc8 8. Ng5 Be7 9. Nf3 cxd4 10. cxd4 Nb4 11. Bb5+ Bc6 12. Bxc6+ Rxc6 13. Nc3 Qc8 14. a3 Qa6 15. Be3 Nd3 16. Qb1 f6 17. Rd1 fxe5 18. Qxd3 Qxd3 19. Rxd3 exd4 20. Nxd4 Rd6 21. Bf4 1-0

[Event "Regionalliga NW 1516"]
[Site "Bayern"]
[Date "2016.01.31"]
[Round "6.5"]
[White "Bodenschatz, Josef"]
[Black "Wilfert, Andre"]
[Result "0-1"]
[WhiteElo "1844"]
[BlackElo "1988"]
[PlyCount "112"]
[EventDate "2015.10.11"]
[EventType "team-tourn"]
[EventRounds "9"]
[EventCountry "GER"]
[SourceTitle "EXT 2018"]
[Source "ChessBase"]
[SourceDate "2017.10.13"]
[SourceVersion "1"]
[SourceVersionDate "2017.10.13"]
[SourceQuality "1"]
[WhiteTeam "Kirchenlaibach"]
[BlackTeam "Marktleuthen"]
[WhiteTeamCountry "GER"]
[BlackTeamCountry "GER"]

1. f4 d5 2. Nf3 g6 3. g3 Bg7 4. Bg2 Nf6 5. 0-0 0-0 6. d4 c5 7. c3 Qb6 8. Na3 Nc6 9. Nc2 Bf5 10. dxc5 Qxc5+ 11. Ncd4 Be4 12. Kh1 Nxd4 13. Nxd4 Bxg2+ 14. Kxg2 e5 15. fxe5 Ng4 16. h3 Nxe5 17. Nb3 Qc6 18. Kh2 Nc4 19. Qd3 Rfe8 20. Nd4 Qd7 21. b3 Ne5 22. Qd2 Rac8 23. Bb2 Nc6 24. Nf3 Re4 25. Rf2 Rce8 26. Raf1 h6 27. Bc1 g5 28. Qd3 Qe6 29. Bxg5 Rxe2 30. Bf4 Rxf2+ 31. Rxf2 Qe4 32. Qd2 Re6 33. Ng1 d4 34. cxd4 Bxd4 35. Rf1 Ne5 36. Bxh6 Bxg1+ 37. Kxg1 Nf3+ 38. Rxf3 Qxf3 39. Bf4 Qc6 40. Qd8+ Re8 41. Qd2 Qe6 42. Kg2 Qe2+ 43. Qxe2 Rxe2+ 44. Kf3 Rxa2 45. b4 f5 46. Bd6 Kf7 47. Kf4 Ke6 48. Bf8 a5 49. bxa5 Rxa5 50. h4 Ra8 51. Bc5 Rc8 52. Bb6 Rc4+ 53. Kf3 Rc6 54. Ba5 b5 55. h5 Ra6 56. Bd2 Kf6 0-1

[Event "Regionalliga NW 1516"]
[Site "Bayern"]
[Date "2016.01.17"]
[Round "5.4"]
[White "Susallek, Markus"]
[Black "Wilfert, Andre"]
[Result "1/2-1/2"]
[WhiteElo "1921"]
[BlackElo "1988"]
[PlyCount "81"]
[EventDate "2015.10.11"]
[EventType "team-tourn"]
[EventRounds "9"]
[EventCountry "GER"]
[SourceTitle "EXT 2018"]
[Source "ChessBase"]
[SourceDate "2017.10.13"]
[SourceVersion "1"]
[SourceVersionDate "2017.10.13"]
[SourceQuality "1"]
[WhiteTeam "Moembris"]
[BlackTeam "Marktleuthen"]
[WhiteTeamCountry "GER"]
[BlackTeamCountry "GER"]

1. e4 c5 2. Nf3 e6 3. d4 cxd4 4. Nxd4 a6 5. c4 Nf6 6. Nc3 Qc7 7. Bd3 Nc6 8. Be3 Ne5 9. Rc1 Nxd3+ 10. Qxd3 Bd6 11. h3 0-0 12. 0-0 Bh2+ 13. Kh1 Bf4 14. Bxf4 Qxf4 15. Nde2 Qc7 16. f4 d6 17. Rfd1 Ne8 18. f5 b6 19. Nf4 d5 20. fxe6 fxe6 21. Nfxd5 Qb8 22. Rf1 Nf6 23. Nxf6+ gxf6 24. Rf3 Ra7 25. Rcf1 Qe5 26. Qe3 Rg7 27. Qxb6 Bb7 28. Qe3 f5 29. Rf4 Rf6 30. R1f2 Rfg6 31. Qd2 h6 32. Qc2 Rg3 33. a3 Kh8 34. Ne2 R3g6 35. Nc3 Rxg2 36. Rxg2 Rxg2 37. Qxg2 Qxf4 38. Kg1 Qe3+ 39. Kh2 Qf4+ 40. Qg3 Qd2+ 41. Qg2 1/2-1/2

[Event "Oberfranken-ch"]
[Site "Schney"]
[Date "2016.01.05"]
[Round "6"]
[White "Rebhan, Gilbert Andre"]
[Black "Wilfert, Andre"]
[Result "1-0"]
[WhiteElo "1903"]
[BlackElo "2034"]
[PlyCount "115"]
[EventDate "2016.01.03"]
[EventType "swiss"]
[EventRounds "7"]
[EventCountry "GER"]
[SourceTitle "CBM 170 Extra"]
[Source "ChessBase"]
[SourceDate "2016.02.25"]
[SourceVersion "1"]
[SourceVersionDate "2016.02.25"]
[SourceQuality "1"]

1. Nc3 c5 2. Nf3 d5 3. e4 d4 4. Ne2 Nc6 5. Ng3 e6 6. Bb5 Bd7 7. a4 Qc7 8. d3 Bd6 9. 0-0 h5 10. e5 Nxe5 11. Nxe5 Bxe5 12. Bxd7+ Kxd7 13. f4 Bd6 14. Ne4 Ne7 15. Qf3 Nf5 16. Bd2 Qc6 17. Qh3 Rh6 18. b3 Be7 19. Rae1 Rah8 20. Re2 Rg6 21. Kf2 Rg4 22. g3 Nh6 23. Qxh5 Rg6 24. Ke1 Qc8 25. Qf3 Ng4 26. h4 f5 27. Ng5 Qc6 28. Nf7 Qxf3 29. Rxf3 Re8 30. Ng5 Rf6 31. Rf1 Bd6 32. Nh7 Rf7 33. Ng5 Rfe7 34. Nf3 e5 35. Nxe5+ Nxe5 36. fxe5 Bxe5 37. Kd1 Bxg3 38. Rxe7+ Rxe7 39. Rxf5 b6 40. Bg5 Ke6 41. Rf3 Bd6 42. Bxe7 Bxe7 43. h5 a6 44. Ke2 b5 45. Rg3 Bf6 46. Kf3 Kf5 47. axb5 axb5 48. Rg6 b4 49. Rg4 Be5 50. Rg1 Bf6 51. Rg6 Ke5 52. Kg4 Ke6 53. Kf4 Kf7 54. Kf5 Be7 55. Rc6 Bf8 56. Rc7+ Be7 57. Ke5 Ke8 58. Ke6 1-0

[Event "Oberfranken-ch"]
[Site "Schney"]
[Date "2016.01.04"]
[Round "3"]
[White "Wilfert, Andre"]
[Black "Gorka, Michael"]
[Result "1/2-1/2"]
[WhiteElo "2034"]
[BlackElo "1723"]
[PlyCount "38"]
[EventDate "2016.01.03"]
[EventType "swiss"]
[EventRounds "7"]
[EventCountry "GER"]
[SourceTitle "CBM 170 Extra"]
[Source "ChessBase"]
[SourceDate "2016.02.25"]
[SourceVersion "1"]
[SourceVersionDate "2016.02.25"]
[SourceQuality "1"]

1. e4 c5 2. Nf3 d6 3. d4 cxd4 4. Nxd4 Nf6 5. Nc3 a6 6. Be2 e5 7. Nf3 Be7 8. a4 0-0 9. 0-0 Nbd7 10. b4 a5 11. b5 Nc5 12. Nd2 b6 13. Ba3 Bb7 14. Bf3 Rc8 15. Bxc5 Rxc5 16. Ne2 d5 17. exd5 Bxd5 18. Ra3 Bxf3 19. Rxf3 e4 1/2-1/2

[Event "Regionalliga NW 1516"]
[Site "Bayern"]
[Date "2015.12.13"]
[Round "4.5"]
[White "Gorniak, Janusz"]
[Black "Wilfert, Andre"]
[Result "0-1"]
[WhiteElo "1792"]
[BlackElo "1988"]
[PlyCount "69"]
[EventDate "2015.10.11"]
[EventType "team-tourn"]
[EventRounds "9"]
[EventCountry "GER"]
[SourceTitle "EXT 2018"]
[Source "ChessBase"]
[SourceDate "2017.10.13"]
[SourceVersion "1"]
[SourceVersionDate "2017.10.13"]
[SourceQuality "1"]
[WhiteTeam "Hoechstadt/Aisch"]
[BlackTeam "Marktleuthen"]
[WhiteTeamCountry "GER"]
[BlackTeamCountry "GER"]

1. d4 d5 2. Nf3 Nf6 3. Bg5 e6 4. e3 Be7 5. Bd3 Ne4 6. Bxe7 Qxe7 7. Nbd2 f5 8. Ne5 0-0 9. 0-0 Nd7 10. Ndf3 c5 11. Nxd7 Bxd7 12. Bxe4 fxe4 13. Ne5 Bb5 14. Re1 Rf5 15. c3 Raf8 16. f4 exf3 17. gxf3 Qh4 18. a4 Rg5+ 19. Kh1 Rf6 20. Qd2 Be8 21. Rg1 Bh5 22. Rxg5 Qxg5 23. Rg1 Qf5 24. Rg3 cxd4 25. cxd4 Qb1+ 26. Kg2 Rf8 27. Qc3 Qd1 28. Qc7 Qe2+ 29. Kh3 Bg6 30. Nxg6 hxg6 31. Rxg6 Rxf3+ 32. Rg3 Qf1+ 33. Kh4 Rf7 34. Qd8+ Kh7 35. Qg5 0-1